[Event "4NCL Division 4 South"]
[Site "Telford, ENG ENG"]
[Date "2016.02.14"]
[Round "6.155"]
[White "Higgs, Anthony R J"]
[Black "Gregory, Andrew M"]
[Result "1-0"]
[WhiteElo "1976"]
[BlackElo "1960"]
[PlyCount "99"]
[EventDate "2016.02.14"]
[WhiteTeam "Sussex Martlets 2"]
[BlackTeam "West is Best 2"]

1. d4 Nf6 2. c4 d6 3. Nc3 e6 4. e3 Be7 5. Bd3 c5 6. Nf3 O-O 7. O-O Nc6 8. b3
cxd4 9. exd4 e5 10. dxe5 dxe5 11. h3 Be6 12. Bb2 Nd7 13. Nd5 f5 14. Nxe7+ Qxe7
15. Bc2 Rad8 16. Qe2 e4 17. Nd4 Nb4 18. f3 Nxc2 19. Nxc2 Nc5 20. Ba3 Qc7 21.
Rad1 Rxd1 22. Rxd1 exf3 23. Qxf3 b6 24. Nd4 Rd8 25. Nxe6 Rxd1+ 26. Qxd1 Nxe6
27. Qd5 Qf7 28. Qa8+ Nf8 29. Bd6 Qf6 30. Qb8 g5 31. c5 bxc5 32. Bxc5 a6 33. b4
Kg7 34. Qxf8+ Qxf8 35. Bxf8+ Kxf8 36. Kf2 Ke7 37. Ke3 h5 38. g3 Kd6 39. Kd4 h4
40. gxh4 gxh4 41. a4 Ke6 42. Ke3 Kd5 43. Kf4 Kc4 44. Kg5 Kxb4 45. Kxh4 Kxa4 46.
Kg5 Kb5 47. h4 f4 48. Kxf4 Kc6 49. h5 Kd7 50. h6 1-0

[Event "4NCL Division 4 South"]
[Site "Telford, ENG ENG"]
[Date "2016.02.14"]
[Round "6.156"]
[White "Davies, Matthew"]
[Black "Graham, William M"]
[Result "1-0"]
[WhiteElo "1944"]
[BlackElo "1818"]
[PlyCount "99"]
[EventDate "2016.02.14"]
[WhiteTeam "West is Best 2"]
[BlackTeam "Sussex Martlets 2"]

1. d4 Nf6 2. c4 g6 3. Nc3 Bg7 4. e4 d6 5. Nf3 O-O 6. Be2 e5 7. O-O Nc6 8. d5
Ne7 9. Nd2 Ne8 10. b4 f5 11. a4 f4 12. Ba3 Rf7 13. c5 Bf8 14. Bg4 Rg7 15. Bxc8
Rxc8 16. Nc4 g5 17. f3 h5 18. Kh1 Ng6 19. Rc1 Nh4 20. Qe2 g4 21. Rg1 Qf6 22. a5
Rd8 23. Nb5 a6 24. Nc3 Rg6 25. c6 bxc6 26. dxc6 Rb8 27. Nd5 Qg7 28. Bb2 Nf6 29.
Nxf6+ Qxf6 30. Bc3 Be7 31. Be1 gxf3 32. gxf3 Rxg1+ 33. Kxg1 Qg6+ 34. Kh1 Kh7
35. Bxh4 Bxh4 36. Rg1 Qf7 37. Rb1 Qe8 38. Qg2 Qe6 39. Rg1 Qf7 40. Qh3 Bf2 41.
Rg5 Kh6 42. Rg2 Bd4 43. Nd2 Rxb4 44. Qh4 Rb2 45. h3 Be3 46. Qg5+ Kh7 47. Nc4
Rxg2 48. Kxg2 Bc5 49. Nb6 cxb6 50. Qf5+ 1-0

[Event "4NCL Division 4 South"]
[Site "Telford, ENG ENG"]
[Date "2016.02.14"]
[Round "6.157"]
[White "Blake, J Morgan"]
[Black "Steele, Rhys"]
[Result "1/2-1/2"]
[WhiteElo "1754"]
[BlackElo "1855"]
[PlyCount "91"]
[EventDate "2016.02.14"]
[WhiteTeam "Sussex Martlets 2"]
[BlackTeam "West is Best 2"]

1. e4 c6 2. d4 d5 3. Nc3 dxe4 4. Nxe4 Bf5 5. Ng3 Bg6 6. Nh3 e6 7. Nf4 Bd6 8. c3
Qc7 9. Qf3 Ne7 10. Bc4 Nd5 11. Ngh5 O-O 12. h4 Nd7 13. Bxd5 exd5 14. Qg4 Rfe8+
15. Kd1 Bxf4 16. Nxf4 Nf6 17. Qh3 Qe7 18. Bd2 Qe4 19. Nxg6 Qxg6 20. h5 Qg4+ 21.
f3 Qxh3 22. Rxh3 Re6 23. g4 Rae8 24. g5 Nd7 25. Rh2 Nb6 26. b3 Nc8 27. Kc2 Re2
28. Rxe2 Rxe2 29. Re1 Rxe1 30. Bxe1 Nd6 31. Kd3 f5 32. Bg3 Nc8 33. c4 Kf7 34.
c5 g6 35. h6 Ke6 36. Bb8 a6 37. Ke3 b6 38. b4 bxc5 39. bxc5 Ne7 40. Kf4 Nc8 41.
a4 Ne7 42. Be5 Nc8 43. Bc7 Ne7 44. Bd8 Nc8 45. Bf6 Na7 46. Bd8 1/2-1/2

[Event "4NCL Division 4 South"]
[Site "Telford, ENG ENG"]
[Date "2016.02.14"]
[Round "6.158"]
[White "Staniforth, Matthew"]
[Black "Woods, Timothy J"]
[Result "0-1"]
[WhiteElo "1874"]
[BlackElo "1715"]
[PlyCount "102"]
[EventDate "2016.02.14"]
[WhiteTeam "West is Best 2"]
[BlackTeam "Sussex Martlets 2"]

1. e4 d6 2. d4 Nf6 3. Nc3 g6 4. Be2 Bg7 5. Be3 c6 6. g4 Qa5 7. f3 b5 8. Qd2 b4
9. Nd1 h5 10. g5 Nfd7 11. Nh3 c5 12. Nf4 Nc6 13. dxc5 Nxc5 14. Nd5 O-O 15. O-O
Rb8 16. c4 bxc3 17. N1xc3 Re8 18. b3 Ba6 19. Bxa6 Nxa6 20. Rac1 Nc5 21. f4 Nd7
22. f5 Nce5 23. f6 exf6 24. Nxf6+ Nxf6 25. gxf6 Bf8 26. Bh6 Qb6+ 27. Kh1 Kh7
28. Bxf8 Rxf8 29. Nd5 Qd8 30. Ne7 Qd7 31. Qe2 Qg4 32. Qd2 Qxe4+ 33. Qg2 Qxg2+
34. Kxg2 Rb6 35. Rc7 Ra6 36. a4 Rb8 37. Rb1 Rxa4 38. bxa4 Rxb1 39. Rxa7 Rb2+
40. Kg3 Rb3+ 41. Kf4 Rf3+ 42. Kg5 Rf2 43. h4 Rg2+ 44. Kf4 Rg4+ 45. Ke3 Rxh4 46.
Ra6 Rg4 47. Kf2 h4 48. Rxd6 Rxa4 49. Kg2 Ra3 50. Rd4 g5 51. Re4 Rg3+ 0-1

[Event "4NCL Division 4 South"]
[Site "Telford, ENG ENG"]
[Date "2016.02.14"]
[Round "6.159"]
[White "Finn, Thomas"]
[Black "Griffiths, Hywel"]
[Result "1-0"]
[WhiteElo "1612"]
[BlackElo "1826"]
[PlyCount "115"]
[EventDate "2016.02.14"]
[WhiteTeam "Sussex Martlets 2"]
[BlackTeam "West is Best 2"]

1. Nc3 Nf6 2. e4 e5 3. Bc4 Nc6 4. d3 Bb4 5. Nf3 O-O 6. O-O d6 7. Bg5 Bg4 8. Nd5
Bc5 9. Kh1 Na5 10. Nxf6+ gxf6 11. Bh6 Re8 12. Bb3 Nxb3 13. axb3 f5 14. h3 Bh5
15. exf5 Qf6 16. Bg5 Qxf5 17. g4 Bxg4 18. hxg4 Qxg4 19. Rg1 Qh5+ 20. Nh4 Qxd1
21. Raxd1 Bxf2 22. Bh6+ Bxg1 23. Rxg1+ Kh8 24. Bg7+ Kg8 25. Nf5 Re6 26. Nh6+
Rxh6+ 27. Bxh6+ Kh8 28. Bg7+ Kg8 29. Bxe5+ Kf8 30. Bc3 Re8 31. Rg2 Re6 32. Kh2
Ke7 33. Kg3 d5 34. Rh2 c5 35. Rxh7 Rg6+ 36. Kf3 Ra6 37. d4 cxd4 38. Bxd4 Rc6
39. c3 a5 40. Rh5 Ra6 41. Rxd5 Ke6 42. Rb5 a4 43. Rxb7 a3 44. bxa3 Rxa3 45. b4
Rb3 46. Ke4 f5+ 47. Kf4 Rb1 48. Rb6+ Kd5 49. Rb5+ Ke6 50. Re5+ Kd6 51. Rxf5 Kc6
52. b5+ Kc7 53. Ke4 Rb3 54. Rf7+ Kc8 55. b6 Rb1 56. Kd5 Rh1 57. b7+ Kb8 58.
Be5+ 1-0

[Event "4NCL Division 4 South"]
[Site "Telford, ENG ENG"]
[Date "2016.02.14"]
[Round "6.160"]
[White "Smith, Steve"]
[Black "Finn, Daniel"]
[Result "1/2-1/2"]
[WhiteElo "1687"]
[BlackElo "1432"]
[PlyCount "71"]
[EventDate "2016.02.14"]
[WhiteTeam "West is Best 2"]
[BlackTeam "Sussex Martlets 2"]

1. e4 e5 2. Nf3 Nc6 3. Bb5 a6 4. Ba4 Bc5 5. c3 d6 6. d4 exd4 7. cxd4 Bb4+ 8.
Bd2 Bxd2+ 9. Nbxd2 Bd7 10. O-O Nge7 11. Re1 O-O 12. Bb3 Bg4 13. h3 Bh5 14. Qc2
Bg6 15. Qc3 d5 16. e5 Nf5 17. Qc5 Nfe7 18. Rac1 Qd7 19. Nf1 Rfd8 20. Ng3 Rab8
21. Ng5 h6 22. e6 fxe6 23. Nxe6 Re8 24. Nf4 Bf7 25. Bd1 Rbd8 26. Bg4 Qd6 27.
Qxd6 Rxd6 28. Nf5 Nxf5 29. Rxe8+ Bxe8 30. Bxf5 Nxd4 31. Re1 Bc6 32. Bd3 Rf6 33.
Nh5 Rf7 34. Ng3 Bd7 35. Bg6 Rf6 36. Bd3 1/2-1/2

[Event "4NCL Division 4 South"]
[Site "Telford, ENG ENG"]
[Date "2016.02.14"]
[Round "6.165"]
[White "Adams, Mark"]
[Black "Marlow, Ben"]
[Result "1/2-1/2"]
[WhiteElo "1984"]
[BlackElo "1967"]
[PlyCount "26"]
[EventDate "2016.02.14"]
[WhiteTeam "The Full Ponty"]
[BlackTeam "Throw in the Tal 1"]

1. e4 c5 2. Nf3 Nc6 3. d4 cxd4 4. Nxd4 g6 5. Be3 Bg7 6. Nc3 Nf6 7. f3 O-O 8.
Qd2 d5 9. exd5 Nxd5 10. Nxc6 bxc6 11. Bd4 Bxd4 12. Qxd4 Nxc3 13. Qxc3 Qb6
1/2-1/2

[Event "4NCL Division 4 South"]
[Site "Telford, ENG ENG"]
[Date "2016.02.14"]
[Round "6.166"]
[White "Goodwin, Ed H"]
[Black "Davies, Peter"]
[Result "1-0"]
[WhiteElo "1874"]
[BlackElo "2016"]
[PlyCount "119"]
[EventDate "2016.02.14"]
[WhiteTeam "Throw in the Tal 1"]
[BlackTeam "The Full Ponty"]

1. d4 Nf6 2. Bf4 c5 3. e3 d5 4. c3 e6 5. Bd3 Be7 6. Nd2 O-O 7. Ngf3 Nc6 8. Ne5
cxd4 9. exd4 Nd7 10. Nxd7 Bxd7 11. Qh5 g6 12. Qf3 f5 13. h4 Bf6 14. Kf1 Rc8 15.
Qg3 Qe8 16. Nf3 Ne7 17. h5 Bb5 18. Bxb5 Qxb5+ 19. Kg1 Qxb2 20. Re1 Rxc3 21.
Rxe6 Rxf3 22. gxf3 Qxd4 23. Rxe7 Bxe7 24. hxg6 hxg6 25. Be5 Qb6 26. Rh6 Kf7 27.
Kg2 Rg8 28. Qf4 a6 29. Rh7+ Ke8 30. Bd4 Qd6 31. Be5 Qe6 32. Bd4 Bd6 33. Qd2 Be5
34. Rxb7 Rh8 35. Qe2 Rh5 36. Qxe5 Qxe5 37. Bxe5 g5 38. Ra7 Rh6 39. Ra8+ Kd7 40.
Ra7+ Ke8 41. Rg7 Re6 42. Bd4 g4 43. fxg4 Re4 44. Ba7 fxg4 45. Kg3 Ra4 46. Rxg4
Rxa2 47. Rd4 Ra5 48. Kf4 Kd7 49. Ke5 Kc6 50. Rb4 Ra2 51. Rb6+ Kc7 52. Rh6 Kb7
53. Bd4 a5 54. Kxd5 a4 55. Kc4 a3 56. Rb6+ Kc7 57. Ra6 Kb7 58. Ra5 Kc6 59. Kb3
Re2 60. Kxa3 1-0

[Event "4NCL Division 4 South"]
[Site "Telford, ENG ENG"]
[Date "2016.02.14"]
[Round "6.167"]
[White "Perrett, David C"]
[Black "Price, Andrew"]
[Result "1-0"]
[WhiteElo "1930"]
[BlackElo "1892"]
[PlyCount "97"]
[EventDate "2016.02.14"]
[WhiteTeam "The Full Ponty"]
[BlackTeam "Throw in the Tal 1"]

1. d4 d5 2. Bg5 Nf6 3. Bxf6 gxf6 4. e3 Bg7 5. Bd3 f5 6. Ne2 e6 7. Nf4 Qg5 8. h4
Qe7 9. Nd2 c5 10. c3 Nc6 11. Nf3 Bd7 12. Nh5 Bh6 13. dxc5 Qxc5 14. Nf6+ Ke7 15.
Nxd7 Kxd7 16. Qb3 Kc7 17. g3 Rhg8 18. Ke2 Rxg3 19. Nd4 Rg4 20. Rad1 Rag8 21.
Bxf5 exf5 22. Nxf5 Bf8 23. Rxd5 Qc4+ 24. Qxc4 Rxc4 25. Rhd1 Nb8 26. Rd8 Rcg4
27. b4 R4g6 28. R1d5 Rf6 29. e4 Ra6 30. Nd4 Rxa2+ 31. Kf1 a6 32. b5 Ra1+ 33.
Ke2 Ra2+ 34. Kf1 Rb2 35. c4 Rb1+ 36. Ke2 Rb2+ 37. Kf3 Rb1 38. e5 Rbg1 39. e6 f6
40. b6+ Kxb6 41. Rxb8 Bc5 42. Rxg8 Rxg8 43. Nb3 Bb4 44. Kf4 Re8 45. Kf5 Bc3 46.
f4 a5 47. Nxa5 Bxa5 48. Kxf6 Bb4 49. Rb5+ 1-0

[Event "4NCL Division 4 South"]
[Site "Telford, ENG ENG"]
[Date "2016.02.14"]
[Round "6.168"]
[White "Scott, Ian D"]
[Black "Davis, Lee"]
[Result "1/2-1/2"]
[WhiteElo "1757"]
[BlackElo "1967"]
[PlyCount "42"]
[EventDate "2016.02.14"]
[WhiteTeam "Throw in the Tal 1"]
[BlackTeam "The Full Ponty"]

1. c4 g6 2. g3 Bg7 3. Bg2 c5 4. Nc3 Nc6 5. e4 e6 6. Nge2 Nge7 7. O-O d6 8. d3
O-O 9. Rb1 Rb8 10. a3 a6 11. Be3 Nd4 12. Bd2 Nec6 13. Nxd4 Nxd4 14. Ne2 Nxe2+
15. Qxe2 b5 16. b3 Bd7 17. Qe1 Qe7 18. Bc3 Bxc3 19. Qxc3 e5 20. Qd2 b4 21. a4
Kg7 1/2-1/2

[Event "4NCL Division 4 South"]
[Site "Telford, ENG ENG"]
[Date "2016.02.14"]
[Round "6.169"]
[White "Waterfield, John W"]
[Black "Byrne, Nigel"]
[Result "1-0"]
[WhiteElo "1904"]
[BlackElo "1816"]
[PlyCount "91"]
[EventDate "2016.02.14"]
[WhiteTeam "The Full Ponty"]
[BlackTeam "Throw in the Tal 1"]

1. e4 d5 2. exd5 Qxd5 3. Nc3 Qd6 4. d4 Nf6 5. Nf3 c6 6. g3 Bg4 7. Bg2 e6 8. Bf4
Qd8 9. Qd2 Nbd7 10. O-O Be7 11. Ne5 Bf5 12. Rfe1 O-O 13. h3 Nxe5 14. Bxe5 Nd7
15. g4 Bg6 16. Bg3 Nb6 17. Nd1 Bd6 18. Ne3 Qc7 19. Bxd6 Qxd6 20. c4 Qf4 21.
Rad1 Rad8 22. c5 Nd7 23. Qb4 Nf6 24. Qxb7 Be4 25. f3 Bxf3 26. Rd3 Rb8 27. Qa6
Rxb2 28. Qa3 Rfb8 29. Rf1 Rb1 30. Nd1 Qg5 31. Bxf3 Nd5 32. Bxd5 exd5 33. Qxa7
f6 34. Qd7 Qg6 35. Qe6+ Kf8 36. Qd6+ Kg8 37. Rb3 R1xb3 38. axb3 Re8 39. Qf4 Re4
40. Qb8+ Re8 41. Qf4 Re4 42. Qd2 Qe8 43. Nc3 Re3 44. Kg2 Qe6 45. Rf2 h5 46. Re2
1-0

[Event "4NCL Division 4 South"]
[Site "Telford, ENG ENG"]
[Date "2016.02.14"]
[Round "6.170"]
[White "Graff, Ben"]
[Black "Dixon, Chris"]
[Result "0-1"]
[WhiteElo "1787"]
[BlackElo "1813"]
[PlyCount "88"]
[EventDate "2016.02.14"]
[WhiteTeam "Throw in the Tal 1"]
[BlackTeam "The Full Ponty"]

1. e4 d6 2. d4 Nf6 3. Nc3 g6 4. Nf3 Bg7 5. Be2 O-O 6. O-O Bg4 7. h3 Bxf3 8.
Bxf3 Nc6 9. Be3 e5 10. d5 Ne7 11. Qd2 Nd7 12. Bh6 a6 13. Bxg7 Kxg7 14. Be2 Ng8
15. f4 exf4 16. Rxf4 Ne5 17. Raf1 Qe7 18. Qe3 f6 19. Qg3 Kh8 20. h4 Qg7 21. Nd1
Rf7 22. Ne3 Nh6 23. Qh3 Raf8 24. h5 g5 25. Nf5 Nxf5 26. Rxf5 h6 27. Qb3 c6 28.
dxc6 Nxc6 29. Rd5 f5 30. Rxd6 Nd4 31. Qd3 Nxe2+ 32. Qxe2 f4 33. e5 Re8 34. Re1
Rfe7 35. Qd3 Re6 36. Rd7 R8e7 37. Rd8+ Re8 38. Rxe8+ Rxe8 39. Qd6 g4 40. c3 f3
41. Qg6 Qxg6 42. hxg6 fxg2 43. Kxg2 Kg7 44. Kg3 h5 0-1

[Event "4NCL Division 4 South"]
[Site "Telford, ENG ENG"]
[Date "2016.02.14"]
[Round "6.175"]
[White "Willmoth, Robert F"]
[Black "Dickson, George"]
[Result "1-0"]
[WhiteElo "2230"]
[BlackElo "2016"]
[PlyCount "199"]
[EventDate "2016.02.14"]
[WhiteTeam "Barnet Knights 1"]
[BlackTeam "Iceni 1"]

1. d4 Nf6 2. Nf3 g6 3. c4 Bg7 4. g3 d5 5. cxd5 Nxd5 6. Bg2 O-O 7. O-O c6 8. e4
Nb6 9. h3 h6 10. Nc3 Be6 11. Kh2 Na6 12. b3 c5 13. Be3 Rc8 14. Rc1 c4 15. d5
cxb3 16. Qxb3 Bd7 17. Nb5 Bxb5 18. Rxc8 Nxc8 19. Qxb5 Nd6 20. Qa4 Qe8 21. Qb3
Qb5 22. Qxb5 Nxb5 23. Rb1 Nd6 24. Bxa7 Nxe4 25. Rxb7 Bf6 26. Bf1 Nac5 27. Rc7
Na4 28. Be3 Kg7 29. Nd4 Nac3 30. Bc4 Nd1 31. Nc6 Nxe3 32. fxe3 Ra8 33. Ra7 Rxa7
34. Nxa7 Be5 35. Nc6 Bxg3+ 36. Kg2 Bd6 37. a4 Nf6 38. a5 Ne8 39. a6 Nc7 40. Kf3
f5 41. e4 fxe4+ 42. Kxe4 Kf6 43. Be2 Nxa6 44. Bxa6 e6 45. dxe6 Kxe6 46. Be2 Kf6
47. Nd4 Ba3 48. Kf4 Bd6+ 49. Kf3 h5 50. Ke4 Ba3 51. Nf3 g5 52. Ne1 g4 53. h4
Bd6 54. Bb5 Bg3 55. Ng2 Kg6 56. Be8+ Kf6 57. Kd5 Bf2 58. Bb5 Bg3 59. Kd4 Kf5
60. Bd7+ Kf6 61. Bc8 Bf2+ 62. Ke4 Bg3 63. Bd7 Ke7 64. Bf5 Kf6 65. Bc8 Bf2 66.
Kf4 Bb6 67. Bd7 Bc7+ 68. Ke4 Ke7 69. Bc6 Kf6 70. Ne3 Bg3 71. Nf5 Bf2 72. Bd7
Be1 73. Be8 Bf2 74. Kf4 g3 75. Bc6 Be1 76. Bg2 Bd2+ 77. Ke4 Kg6 78. Nxg3 Ba5
79. Bf1 Be1 80. Nf5 Kf6 81. Bb5 Kg6 82. Be8+ Kf6 83. Bd7 Kg6 84. Ke5 Kf7 85.
Bb5 Bc3+ 86. Ke4 Kf6 87. Ne3 Be1 88. Ng2 Bf2 89. Be8 Bg3 90. Kf3 Bc7 91. Bxh5
Ba5 92. Kg4 Bd2 93. Be8 Kg7 94. h5 Kh6 95. Nh4 Kg7 96. Nf5+ Kf8 97. Bg6 Kg8 98.
h6 Kh8 99. Kh5 Bf4 100. h7 1-0

[Event "4NCL Division 4 South"]
[Site "Telford, ENG ENG"]
[Date "2016.02.14"]
[Round "6.176"]
[White "Feavyour, John A"]
[Black "Eden, Tomer"]
[Result "1-0"]
[WhiteElo "1979"]
[BlackElo "2222"]
[PlyCount "57"]
[EventDate "2016.02.14"]
[WhiteTeam "Iceni 1"]
[BlackTeam "Barnet Knights 1"]

1. d4 Nf6 2. c4 e6 3. Nc3 Bb4 4. e3 b6 5. Nf3 Bb7 6. Be2 Ne4 7. Qc2 O-O 8. O-O
Bxc3 9. bxc3 d6 10. Nd2 f5 11. Bf3 d5 12. cxd5 exd5 13. c4 c6 14. cxd5 cxd5 15.
Ba3 Rf6 16. Rac1 Nc6 17. Nxe4 fxe4 18. Be2 Rg6 19. f4 Qh4 20. Bb5 Qh3 21. g3 a6
22. Ba4 Na5 23. f5 Rh6 24. Bb3 Nxb3 25. axb3 Rc6 26. Qf2 Rac8 27. Qf4 Rc2 28.
Rxc2 Rxc2 29. Rf2 1-0

[Event "4NCL Division 4 South"]
[Site "Telford, ENG ENG"]
[Date "2016.02.14"]
[Round "6.177"]
[White "Cavendish, Joshua Z"]
[Black "Botham, C Paul"]
[Result "1-0"]
[WhiteElo "1922"]
[BlackElo "1992"]
[PlyCount "61"]
[EventDate "2016.02.14"]
[WhiteTeam "Barnet Knights 1"]
[BlackTeam "Iceni 1"]

1. e4 Nf6 2. e5 Nd5 3. d4 d6 4. Nf3 g6 5. Bc4 c6 6. O-O Bg7 7. h3 O-O 8. exd6
Qxd6 9. Re1 Nd7 10. Nbd2 e6 11. Ne4 Qc7 12. Bg5 b5 13. Bb3 a5 14. c4 bxc4 15.
Bxc4 Ba6 16. Bxa6 Rxa6 17. Rc1 Rb8 18. Qd2 Qb6 19. Re2 Qb4 20. Qd3 Qb5 21. Qxb5
cxb5 22. Rec2 h6 23. Rc8+ Kh7 24. Rxb8 Nxb8 25. Rc8 Nd7 26. Bd2 b4 27. Nfg5+
hxg5 28. Nxg5+ Kh6 29. Nxf7+ Kh7 30. Ng5+ Kh6 31. Nf7+ 1-0

[Event "4NCL Division 4 South"]
[Site "Telford, ENG ENG"]
[Date "2016.02.14"]
[Round "6.178"]
[White "Ukken, Somton"]
[Black "Karia, Rishul"]
[Result "1-0"]
[WhiteElo "1887"]
[BlackElo "1937"]
[PlyCount "63"]
[EventDate "2016.02.14"]
[WhiteTeam "Iceni 1"]
[BlackTeam "Barnet Knights 1"]

1. d4 Nf6 2. c4 g6 3. Nc3 Bg7 4. e4 d6 5. Bd3 Nbd7 6. Nge2 e5 7. d5 Nc5 8. Bc2
Nh5 9. Be3 Na6 10. a3 f5 11. f3 f4 12. Bf2 O-O 13. Qd2 g5 14. O-O-O b6 15. Kb1
Nf6 16. g3 g4 17. Ng1 gxf3 18. gxf4 Bh6 19. Bg3 exf4 20. Bxf4 Bxf4 21. Qxf4 Nh5
22. Qh6 Ng7 23. Rf1 f2 24. Nh3 Bxh3 25. Qxh3 Nc5 26. e5 h5 27. e6 Qe7 28. Nd1
Rf4 29. Rxf2 Raf8 30. Rg2 Ne4 31. Rhg1 Rg4 32. Bxe4 1-0

[Event "4NCL Division 4 South"]
[Site "Telford, ENG ENG"]
[Date "2016.02.14"]
[Round "6.179"]
[White "Hung, Jake"]
[Black "Collins, Jonathan"]
[Result "0-1"]
[WhiteElo "1810"]
[BlackElo "1885"]
[PlyCount "172"]
[EventDate "2016.02.14"]
[WhiteTeam "Barnet Knights 1"]
[BlackTeam "Iceni 1"]

1. c4 e5 2. g3 Nf6 3. Bg2 g6 4. Nc3 Bg7 5. Nf3 d6 6. O-O O-O 7. d3 c6 8. e4
Nbd7 9. d4 Re8 10. Re1 exd4 11. Nxd4 Ne5 12. Qe2 Qb6 13. Rd1 Qb4 14. f4 Bg4 15.
Nf3 Bxf3 16. Bxf3 Nxf3+ 17. Qxf3 Qxc4 18. Re1 h5 19. Kg2 Qe6 20. Bd2 Qg4 21.
Qd3 Qd7 22. Rad1 Rad8 23. Be3 b6 24. Bd4 d5 25. e5 Ng4 26. Rd2 Nh6 27. Rde2 Re6
28. Bg1 Bf8 29. Rd2 Bb4 30. a3 Bxc3 31. Qxc3 c5 32. Red1 d4 33. Bxd4 cxd4 34.
Rxd4 Qb7+ 35. Kg1 Rxd4 36. Rxd4 Rc6 37. Rd8+ Kh7 38. Qd2 Qc7 39. Rd7 Rc1+ 40.
Kg2 Qc6+ 41. Qd5 Qxd5+ 42. Rxd5 Rc7 43. Rd2 Kg7 44. h3 Kf8 45. Kf3 Ke7 46. g4
hxg4+ 47. hxg4 Rd7 48. Rc2 Rd3+ 49. Ke4 Rd1 50. Kf3 Kd7 51. Rh2 Ng8 52. Rh8 Ne7
53. Rf8 Ke6 54. Ra8 Rd7 55. Ke4 f5+ 56. exf6 Kxf6 57. g5+ Kf7 58. Rh8 Kg7 59.
Rh2 Nf5 60. Rc2 Re7+ 61. Kd3 Re3+ 62. Kd2 Re7 63. Kd3 Ne3 64. Re2 Nd5 65. Rf2
Ne3 66. Re2 Nf5 67. Rc2 Kf7 68. Rc6 Nh4 69. Rf6+ Kg7 70. a4 Rf7 71. Rxf7+ Kxf7
72. Kc4 Ng2 73. Kb5 Nxf4 74. Ka6 Nd5 75. Kxa7 Ke6 76. Kb7 Kf5 77. Kc6 Kxg5 78.
Kxd5 Kf4 79. Kc6 g5 80. Kxb6 g4 81. a5 g3 82. a6 g2 83. a7 g1=Q+ 84. Ka6 Qg2
85. b4 Qc6+ 86. Ka5 Qb7 0-1

[Event "4NCL Division 4 South"]
[Site "Telford, ENG ENG"]
[Date "2016.02.14"]
[Round "6.180"]
[White "Kenning, Paul H"]
[Black "Balouka Myers, Gabriel"]
[Result "1-0"]
[WhiteElo "1866"]
[BlackElo "1855"]
[PlyCount "37"]
[EventDate "2016.02.14"]
[WhiteTeam "Iceni 1"]
[BlackTeam "Barnet Knights 1"]

1. e4 c6 2. d4 d5 3. exd5 cxd5 4. c4 Nf6 5. Nc3 Nc6 6. Bg5 dxc4 7. d5 Ne5 8.
Qd4 Nd3+ 9. Bxd3 cxd3 10. Nf3 Bf5 11. O-O h6 12. Bf4 a6 13. Rfe1 g6 14. Qxf6
Rg8 15. d6 Be6 16. Rxe6 fxe6 17. Qxe6 Rh8 18. Nd5 Bg7 19. dxe7 1-0

[Event "4NCL Division 4 South"]
[Site "Telford, ENG ENG"]
[Date "2016.02.14"]
[Round "6.185"]
[White "Truman, Richard G"]
[Black "Zdanowski, Adrian"]
[Result "1/2-1/2"]
[WhiteElo "1968"]
[BlackElo "1967"]
[PlyCount "52"]
[EventDate "2016.02.14"]
[WhiteTeam "Ashfield-Breadsall 2"]
[BlackTeam "Shropshire 2"]

1. e4 d6 2. d4 g6 3. c4 Bg7 4. Nc3 Nc6 5. Be3 e5 6. d5 Nce7 7. g4 h5 8. gxh5
Rxh5 9. Be2 Rh8 10. Nf3 a6 11. c5 f5 12. cxd6 cxd6 13. Qa4+ Kf8 14. Qb4 Nf6 15.
Ng5 fxe4 16. O-O-O Nf5 17. Bb6 Qe7 18. Ngxe4 Rh4 19. f3 Bh6+ 20. Kb1 Be3 21.
Bd3 Nd7 22. Bxe3 Nxe3 23. Rd2 Nc5 24. Qb6 Nxd3 25. Qxe3 Nf4 26. Ka1 Bf5 1/2-1/2

[Event "4NCL Division 4 South"]
[Site "Telford, ENG ENG"]
[Date "2016.02.14"]
[Round "6.186"]
[White "Kolbusz, George"]
[Black "Taylor, Robert P"]
[Result "1-0"]
[WhiteElo "1892"]
[BlackElo "1918"]
[PlyCount "97"]
[EventDate "2016.02.14"]
[WhiteTeam "Shropshire 2"]
[BlackTeam "Ashfield-Breadsall 2"]

1. d4 d5 2. c4 e6 3. Nf3 Nf6 4. g3 c6 5. Bg2 Bd6 6. cxd5 exd5 7. O-O O-O 8. Nc3
Re8 9. Nd2 Nbd7 10. e4 dxe4 11. Ndxe4 Nxe4 12. Nxe4 Be7 13. Be3 Nf6 14. Nxf6+
Bxf6 15. Qa4 Be6 16. Rfd1 Bd5 17. Rac1 Bxg2 18. Kxg2 Qd5+ 19. Kg1 Qf3 20. Qb3
Re7 21. d5 cxd5 22. Qxd5 Qxd5 23. Rxd5 b6 24. b4 g6 25. b5 Rae8 26. Rc6 Kg7 27.
h4 Re5 28. Rd7 R8e7 29. Rdd6 R5e6 30. Rxe6 fxe6 31. Kg2 Kf7 32. Kf3 Rd7 33. Ke4
Ke7 34. a4 h6 35. Rc4 Bg7 36. Bf4 Kd8 37. Be5 Bxe5 38. Kxe5 Ke7 39. g4 Rd5+ 40.
Ke4 Kd7 41. Rd4 g5 42. Rxd5+ exd5+ 43. Kxd5 gxh4 44. Ke4 Ke6 45. f4 Kf6 46. Kf3
Ke6 47. Kg2 Kd5 48. Kh3 Ke4 49. f5 1-0

[Event "4NCL Division 4 South"]
[Site "Telford, ENG ENG"]
[Date "2016.02.14"]
[Round "6.187"]
[White "Levens, David G"]
[Black "Lewis, Christopher D"]
[Result "1-0"]
[WhiteElo "1938"]
[BlackElo "1892"]
[PlyCount "67"]
[EventDate "2016.02.14"]
[WhiteTeam "Ashfield-Breadsall 2"]
[BlackTeam "Shropshire 2"]

1. e4 c6 2. d4 d5 3. f3 Nd7 4. Nc3 e6 5. Bf4 b6 6. Bd3 Bb7 7. Qe2 a6 8. Nh3 Ne7
9. Bd6 Ng6 10. Bxf8 Ndxf8 11. O-O-O dxe4 12. Bxe4 Ne7 13. f4 Qc7 14. Bd3 a5 15.
Qe5 Qxe5 16. dxe5 Nd5 17. Ne4 Ba6 18. Nd6+ Ke7 19. Bxa6 Rxa6 20. c4 Nc7 21. Ng5
f6 22. Nc8+ Ke8 23. Ne4 Nd7 24. Ned6+ Kf8 25. g4 h5 26. Ne4 Ke8 27. Ncd6+ Ke7
28. g5 fxe5 29. Rhg1 Kf8 30. fxe5 Nxe5 31. Rdf1+ Kg8 32. Nf6+ Kf8 33. Nd7+ Ke7
34. Nxe5 1-0

[Event "4NCL Division 4 South"]
[Site "Telford, ENG ENG"]
[Date "2016.02.14"]
[Round "6.188"]
[White "Maydew, Simon"]
[Black "Hill, Maurice J"]
[Result "1/2-1/2"]
[WhiteElo "1917"]
[BlackElo "1802"]
[PlyCount "33"]
[EventDate "2016.02.14"]
[WhiteTeam "Shropshire 2"]
[BlackTeam "Ashfield-Breadsall 2"]

1. d4 Nf6 2. Nf3 g6 3. Nc3 d5 4. Bf4 Bg7 5. e3 O-O 6. Be2 a6 7. a4 Nbd7 8. h3
c5 9. O-O b6 10. Ne5 Bb7 11. Qd2 Rc8 12. Rad1 e6 13. Bg5 Qe8 14. Bf4 Qd8 15.
Bg5 Qe8 16. Bf4 Qd8 17. Bg5 1/2-1/2

[Event "4NCL Division 4 South"]
[Site "Telford, ENG ENG"]
[Date "2016.02.14"]
[Round "6.189"]
[White "Flynn, David"]
[Black "Keady, Mark A"]
[Result "0-1"]
[WhiteElo "1851"]
[BlackElo "1855"]
[PlyCount "96"]
[EventDate "2016.02.14"]
[WhiteTeam "Ashfield-Breadsall 2"]
[BlackTeam "Shropshire 2"]

1. e4 c5 2. c3 Nf6 3. e5 Nd5 4. Nf3 Nc6 5. d4 d6 6. Bc4 e6 7. O-O Nb6 8. Bb3 d5
9. Bg5 Be7 10. Bxe7 Qxe7 11. Na3 a6 12. Bc2 Bd7 13. Re1 Na7 14. dxc5 Qxc5 15.
Bb3 Nc6 16. Rc1 Na5 17. Bc2 Nbc4 18. Nxc4 Nxc4 19. b3 Na3 20. Bd3 Qe7 21. Nd4
Rc8 22. Qg4 O-O 23. Re3 h6 24. Rg3 f5 25. Qh5 Kh8 26. f4 Be8 27. Qe2 Qc5 28.
Kf1 Bd7 29. Rg6 Qb6 30. Qf2 Rce8 31. Qg3 Rf7 32. Bxf5 Ref8 33. Nxe6 Bxe6 34.
Rxe6 Qb5+ 35. c4 dxc4 36. bxc4 Qb2 37. Qc3 Qxa2 38. Ra1 Qxc4+ 39. Qxc4 Nxc4 40.
g4 Ne3+ 41. Ke2 Nxf5 42. gxf5 Rxf5 43. Ra4 Rxf4 44. Rxf4 Rxf4 45. Re8+ Kh7 46.
Ke3 Rb4 47. e6 Kg6 48. Rf8 Rb6 0-1

[Event "4NCL Division 4 South"]
[Site "Telford, ENG ENG"]
[Date "2016.02.14"]
[Round "6.190"]
[White "Mehmood, Athar"]
[Black "Graham, Neil"]
[Result "1-0"]
[WhiteElo "1742"]
[BlackElo "1830"]
[PlyCount "57"]
[EventDate "2016.02.14"]
[WhiteTeam "Shropshire 2"]
[BlackTeam "Ashfield-Breadsall 2"]

1. e4 e5 2. Nf3 Nf6 3. Nc3 Bb4 4. d3 Nc6 5. Be2 d5 6. exd5 Nxd5 7. Bd2 Nxc3 8.
Bxc3 Bxc3+ 9. bxc3 O-O 10. O-O Re8 11. Nd2 Bf5 12. Rb1 Rb8 13. Bf3 Be6 14. Rxb7
Rxb7 15. Bxc6 Rb2 16. Bxe8 Qxe8 17. Nb3 Rxa2 18. Qb1 Ra6 19. Re1 f6 20. d4 Bd5
21. Qd1 Qg6 22. f3 e4 23. fxe4 Bxe4 24. Qe2 f5 25. Nc5 Ra3 26. Qc4+ Qf7 27. Qb4
Ra2 28. Nxe4 fxe4 29. Rf1 1-0